The outlook on N. E. F. A. (Record no. 53302)

MARC details
000 -LEADER
fixed length control field 00561cam a22002171 4500
001 - CONTROL NUMBER
control field sa 63000073
003 - CONTROL NUMBER IDENTIFIER
control field DLC
005 - DATE AND TIME OF LATEST TRANSACTION
control field 20260227111919.0
008 - FIXED-LENGTH DATA ELEMENTS--GENERAL INFORMATION
fixed length control field 920619s1958 xx a 000 0 eng
010 ## - LIBRARY OF CONGRESS CONTROL NUMBER
LC control number sa 63000073
035 ## - SYSTEM CONTROL NUMBER
System control number (OCoLC)28302062
040 ## - CATALOGING SOURCE
Original cataloging agency DLC
Transcribing agency PU
Modifying agency DLC
042 ## - AUTHENTICATION CODE
Authentication code premarc
043 ## - GEOGRAPHIC AREA CODE
Geographic area code a-ii---
050 00 - LIBRARY OF CONGRESS CALL NUMBER
Classification number DS485.N68
Item number C5
100 1# - MAIN ENTRY--PERSONAL NAME
Personal name Chaliha, Parag,
Relator term ed.
245 04 - TITLE STATEMENT
Title The outlook on N. E. F. A.
260 ## - PUBLICATION, DISTRIBUTION, ETC.
Place of publication, distribution, etc. [Jorhat]
Name of publisher, distributor, etc. Asam Sahitya Sabha
Date of publication, distribution, etc. [1958]
300 ## - PHYSICAL DESCRIPTION
Extent 134 p.
Other physical details illus.
Dimensions 23 cm.
651 #0 - SUBJECT ADDED ENTRY--GEOGRAPHIC NAME
Geographic name Arunāchal Pradesh (India)

No items available.

Powered by Koha